000 03894cam a22012134i 4500
003 PE-LiUPU
005 20250813185719.0
008 250519b |||||||| |||| 00| 0 spa d
020 _a9786124109478
035 _a(Sirsi) i9788497566902
040 _bspa
_cPE-LiUPU
_erda
_dPE-LiUPU
049 _aPRUA
082 0 4 _a371.782
_bL111
_223
245 1 0 _aLa convivencia democrática en la escuela :
_cuna agenda pendiente /
_bJulio César Carozzo Campos, coordinador.
250 _aPrimera edición.
264 1 _aLima :
_bUniversidad de Ciencias y Humanidades, Fondo Editorial,
_c2018.
300 _a262 páginas :
_bilustraciones, diagramas ;
_c24 cm.
336 _atext
_2rdacontent
337 _aunmediated
_2rdamedia
338 _avolume
_2rdacarrier
490 0 _aEducar
504 _aIncluye bibliografía.
505 _aConvivencia escolar y democracia. Hacia la construcción de una convivencia democrática en los espacios educativos -- Violencia escolar en un colegio del norte de Chile, un acercamiento conceptual a partir de los actores educativos -- Gestionar y conocer las normas de convivencia desde la educación infantil -- Acoso escolar cibernético como una nueva forma de agresión: una revisión conceptual -- Habilidades blandas y convivencia -- Actos relacionales y afectivos asociados al proceso de virtualización y mediatización en adolescentes: significados desde la violencia en la escuela --Retos para la convivencia escolar: un estudio exploratorio de las manifestaciones de bullying en una escuela cubana .. Bullying y convivencia escolar en Nicaragua -- La convivencia democrática, pacífica e inclusiva para la rehumanización de los contextos educativos -- Pertinencia del observador del alumno en la intervención de la violencia escolar -- La educación artística en contextos educativos no formales y su vinculación con la ciudadanía cultural: una reflexión desde las orquestas sinfónicas infantiles.
526 _aP202
526 _aP201
526 _aP163
526 _aP162
526 _aP161
526 _aP160
526 _aP148
526 _aP147
526 _aP146
526 _aP145
526 _aP144
526 _aP143
526 _aP142
526 _aP141
526 _aP140
526 _aP139
526 _aP138
526 _aP137
526 _aP136
526 _aP135
526 _aP134
526 _aP133
526 _aP129
526 _aP128
526 _aP127
526 _aP120
526 _aP119
526 _aP118
526 _aP116
526 _aP115
526 _aP114
526 _aP110
526 _aP109
526 _aP108
526 _aP104
526 _aP103
526 _aP102
526 _aP99
526 _aP98
526 _aP97
526 _aP96
526 _aP95
526 _aP93
526 _aP90
526 _aP89
526 _aP88
526 _aP83
526 _aP82
526 _aP62
526 _aP59
526 _aP58
526 _aP57
526 _aP51
526 _aP49
526 _aP48
526 _aP47
526 _aP29
526 _aP24
526 _aP20
526 _aP19
526 _aP17
526 _aP15
526 _aP14
526 _aP12
526 _aP10
526 _aP09
526 _aP08
526 _aP07
526 _aP06
526 _aP05
526 _aP04
526 _aP01
650 1 4 _aConvivencia escolar
_xAspectos sociales.
_95261
650 2 4 _aDisciplina escolar
_xDemocracia.
_95262
650 2 4 _aViolencia en la escuela
_xPrevención.
_95263
700 _aCarozzo, Julio César,
_ecoordinador.
_95264
910 _agl
942 _2ddc
_cBK
999 _c62919
_d62918
980 _618226
_aJaime Vilcazán Jefe de Análisis Documental
_81
_gALBERTO SANCHEZ Responsable de Automatización